Influence i decision - making and the performance of research units
Na minha lista:
| Autor principal: | |
|---|---|
| Formato: | Livro |
| Idioma: | inglês |
| Publicado em: |
Wien
Institut für Höhere Studien
1982
|
| Colecção: | Research Memorandum
no. 178 |
| Tags: |
Sem tags, seja o primeiro a adicionar uma tag!
|
MARC
| LEADER | 00000nam a2200000 4500 | ||
|---|---|---|---|
| 001 | c130942 | ||
| 005 | 20181203150430.0 | ||
| 041 | 0 | |a eng | |
| 044 | |a AT | ||
| 245 | 1 | 0 | |a Influence i decision - making and the performance of research units |c Georg Aichholzer |
| 264 | 1 | |a Wien |b Institut für Höhere Studien |c 1982 | |
| 300 | |a 43 s. | ||
| 490 | 1 | |a Research Memorandum |v no. 178 | |
| 830 | 0 | |a Research Memorandum |v no. 178 | |
| 100 | 1 | |a Aichholzer, Georg | |